000 00316 a2200157 4500
001 65375
020 _a9788579800252
040 _cAnchieta - Pituba
100 _aShepard, Sara
240 1 0 _aMaldosas
_l
245 1 0 _aMaldosas
300 _a289
362 0 _a2010
650 4 _aLiteratura juvenil
942 _cBK
999 _c65375
_d65375